History Quiz

Random History or Year Quiz

Which Happened First? (Part II) Quiz Stats

 Plays Quiz Updated Oct 19, 2017

Challenge
Share
Tweet
Embed
Score 0/20 Timer 03:00
3 Plays Today
This.. (X) % Correct
Construction ends on the Statue of Liberty.???
82.7%
The Battle of the Somme.???
80.8%
'Superman' first appears in DC Comics.???
77.7%
Calgary hosts the Winter Olympic Games.???
76.1%
The first section of the New York Subway opens.???
76%
Watson and Crick discover the structure of DNA.???
74.8%
James Cook lands in Australia.???
73.5%
ABBA win the Eurovision Song Contest.???
71.4%
The Live 8 concerts are held.???
68.8%
Henry VIII marries Anne Boleyn.???
68.4%
This.. (X) % Correct
The first James Bond film, Dr. No, is released.???
67.1%
Julia Gillard becomes Australia's first female Prime Minster.???
67%
Cambridge University is founded.???
61.9%
Hawaii becomes a US State.???
61.6%
World of Warcraft 'The Burning Crusade' is released.???
57.9%
Serena Williams wins Wimbledon.???
57.7%
George Orwell's '1984' is published.???
56.7%
The Triassic period.???
52.6%
Jimmy Page leaves the Yardbirds.???
52.3%
Benjamin Harrison becomes US President.???
51.4%

You're not logged in!

Compare scores with friends on all Sporcle quizzes.
Join for Free
OR
Log In

You Might Also Like...

Show Comments

Extras

Top Quizzes Today


Score Distribution

Your Account Isn't Verified!

In order to create a playlist on Sporcle, you need to verify the email address you used during registration. Go to your Sporcle Settings to finish the process.

Report this User

Report this user for behavior that violates our Community Guidelines.

Details: